Statistics for Colorado Avalanche Roster

Click here to take the quiz!

General Stats

  • This quiz has been taken 42 times
    (12 since last reset)
  • The average score is 19 of 27

Answer Stats

PositionAnswer% Correct
GoaltenderAlexandar Georgiev
100%
DefensemanCale Makar
100%
DefensemanDevon Toews
100%
DefensemanJack Johnson
100%
Right WingMikko Rantanen
100%
CenterNathan MacKinnon
100%
DefensemanSamuel Girard
100%
DefensemanSean Walker
100%
Left WingArtturi Lehkonen
88%
CenterCasey Mittelstadt
88%
GoaltenderJustus Annunen
88%
Left WingJonathan Drouin
75%
Left WingMiles Wood
75%
Left WingAndrew Cogliano
63%
Left WingJoel Kiviranta
63%
DefensemanJosh Manson
63%
Right WingLogan O'Connor
63%
CenterRoss Colton
63%
Right WingValeri Nichushkin
63%
CenterYakov Trenin
63%
Left WingZach Parise
63%
Right WingBrandon Duhaime
50%
DefensemanCaleb Jones
50%
GoaltenderIvan Prosvetov
50%
DefensemanSam Malinski
38%
Right WingChris Wagner
13%
Left WingFredrik Olofsson
13%

Score Distribution

Percentile by Number Answered

Percent of People with Each Score

Your Score History

You have not taken this quiz since the last reset